000 00680nam a2200217 a 4500
003 BD-DhJNU
005 20251012045745.0
008 250501s2022 ii a b 001 0 eng
020 _a9788175994140
040 _aBD-DhJNU
_bENG
_cBD-DhJNU
_dBD-DhJNU
082 0 0 _a813.6 MAC
_223
100 1 _aMarx, Karl
245 1 0 _aCapital (Das Capital) :
_bincludes vol. I, II and III /
_cKarl Marx
260 _aNew Delhi :
_bFingerprint Classics,
_c2022.
300 _a1392 p. :
_bill. ;
_c23 cm.
490 _vVol: I, II and III
504 _aIncludes bibliographical references and index.
650 0 _aSocio-economic conditions
650 0 _aEconomic and Political System
942 _cBK
999 _c2241
_d2241